India financing of panchayati raj institutions in world bank financed operations/ (Record no. 1654)

MARC details
000 -LEADER
fixed length control field 00499nam a2200157 a 4500
005 - DATE AND TIME OF LATEST TRANSACTION
control field 20260112063240.0
039 ## - LEVEL OF BIBLIOGRAPHIC CONTROL AND CODING DETAIL [OBSOLETE]
Level of rules in bibliographic description 201406131713
Level of effort used to assign nonsubject heading access points staff
-- 200908220317
-- staff
082 ## - DEWEY DECIMAL CLASSIFICATION NUMBER
Classification number 658.15
Item number WOR
110 ## - MAIN ENTRY--CORPORATE NAME
Corporate name or jurisdiction name as entry element the world bank
245 ## - TITLE STATEMENT
Title India financing of panchayati raj institutions in world bank financed operations/
260 ## - PUBLICATION, DISTRIBUTION, ETC.
Place of publication, distribution, etc. washington :
Name of publisher, distributor, etc. The World Bank,
Date of publication, distribution, etc. 2005
300 ## - PHYSICAL DESCRIPTION
Extent 65 p. :
Other physical details ill;
Dimensions 25cm.
991 ## -
-- VIRTUA40
991 ## -
-- VTLSSORT0030*0080*0820*1100*2450*2600*3000*9992
909 ## -
-- 1678
Holdings
Withdrawn status Lost status Damaged status Not for loan Home library Current library Date acquired Total checkouts Full call number Barcode Copy number Koha item type
        Indian Institute Of Management, Shillong Indian Institute Of Management, Shillong 22/08/2009   658.15 WOR 0006791   Reference
Copyright © 2026 Indian Institute of Management Shillong. All Rights Reserved.